[Event "Amager-ch"]
[Site "Amager"]
[Date "2009.09.01"]
[Round "1"]
[White "Mollmann, Erik"]
[Black "Werner, Gert"]
[Result "0-1"]
[WhiteElo "1459"]
[BlackElo "1796"]
[PlyCount "114"]
[EventDate "2009.09.01"]
[EventType "swiss"]
[EventRounds "7"]
[EventCountry "DEN"]
[SourceTitle "EXT 2023"]
[Source "ChessBase"]
[SourceDate "2022.10.05"]
[SourceVersion "1"]
[SourceVersionDate "2022.10.05"]
[SourceQuality "1"]

1. d4 Nf6 2. c4 g6 3. Nf3 Bg7 4. Nc3 0-0 5. Bf4 d5 6. e3 c5 7. b3 cxd4 8. exd4 Nc6 9. Nb5 Bg4 10. Be2 dxc4 11. bxc4 a6 12. Nc3 Bxf3 13. Bxf3 Qxd4 14. Qxd4 Nxd4 15. Rc1 Nxf3+ 16. gxf3 Rac8 17. Ne4 Nxe4 18. fxe4 b5 19. c5 Rc6 20. Ke2 Rfc8 21. Be3 b4 22. Rhd1 Bc3 23. Rd7 Kf8 24. Rcd1 Ke8 25. Ra7 Re6 26. f3 f6 27. Rdd7 Rb8 28. c6 Rc8 29. Bb6 f5 30. Bc5 Rcxc6 31. Bxe7 Rc8 32. Kd3 fxe4+ 33. fxe4 h6 34. Bh4 g5 35. Bg3 Rd8 36. Rxd8+ Kxd8 37. a3 Rc6 38. axb4 Bxb4 39. Ra8+ Ke7 40. Ra7+ Kf6 41. e5+ Kf5 42. Rf7+ Kg4 43. Ke4 a5 44. Rf6 Rxf6 45. exf6 a4 46. Be5 a3 47. f7 Bf8 48. Bf6 Kh3 49. Be5 h5 50. Kd5 g4 51. Bf6 a2 52. Be5 h4 53. Kc4 g3 54. hxg3 hxg3 55. Kb3 g2 56. Bd4 g1Q 57. Bxg1 a1Q 0-1

[Event "Politiken Cup 30th"]
[Site "Helsingor"]
[Date "2008.07.26"]
[Round "9"]
[White "Werner, Gert"]
[Black "Andersson, Christin"]
[Result "0-1"]
[WhiteElo "1952"]
[BlackElo "2144"]
[PlyCount "48"]
[EventDate "2008.07.19"]
[EventType "swiss"]
[EventRounds "10"]
[EventCountry "DEN"]
[SourceTitle "CBM 125 Extra"]
[Source "ChessBase"]
[SourceDate "2008.09.01"]
[SourceVersion "1"]
[SourceVersionDate "2008.09.01"]
[SourceQuality "1"]

1. Nf3 d6 2. g3 e5 3. d4 e4 4. Ng5 d5 5. c4 Bb4+ 6. Nc3 h6 7. Nh3 dxc4 8. Bg2 Nf6 9. 0-0 0-0 10. Nf4 Bf5 11. e3 Nbd7 12. Bd2 Bd6 13. Rc1 c6 14. a4 a6 15. a5 Bc7 16. Ra1 Bxa5 17. Nxe4 Bc7 18. Nc3 Bxf4 19. exf4 Qb6 20. d5 Bd3 21. Na4 Qc7 22. Bb4 Bxf1 23. Bxf8 Bxg2 24. d6 Qa5 0-1

[Event "Monarch Assurance 15th"]
[Site "Port Erin"]
[Date "2006.09.24"]
[Round "2"]
[White "Werner, Gert"]
[Black "Ashton, Adam"]
[Result "0-1"]
[WhiteElo "2069"]
[BlackElo "2329"]
[PlyCount "116"]
[EventDate "2006.09.23"]
[EventType "swiss"]
[EventRounds "9"]
[EventCountry "IOM"]
[SourceTitle "CBM 114 Extra"]
[Source "ChessBase"]
[SourceDate "2006.11.03"]
[SourceVersion "1"]
[SourceVersionDate "2006.11.03"]
[SourceQuality "1"]

1. Nf3 d5 2. g3 Nf6 3. Bg2 e6 4. 0-0 Be7 5. d4 b5 6. b3 Nbd7 7. c4 bxc4 8. bxc4 c6 9. Qa4 Nb6 10. Qa5 Nxc4 11. Qxd8+ Bxd8 12. Na3 Ba6 13. Nxc4 Bxc4 14. Ba3 Bxe2 15. Rfc1 Be7 16. Bxe7 Kxe7 17. Ne5 Rhc8 18. Rc2 Ba6 19. Rac1 Nd7 20. Nxc6+ Kd6 21. Bf1 Bxf1 22. Kxf1 Rc7 23. f4 f6 24. Nb4 Rxc2 25. Rxc2 Nb6 26. Na6 Nc4 27. Rc3 Rc8 28. Ke2 Rc6 29. Nb4 Rb6 30. Nd3 Rb1 31. Rc1 Rxc1 32. Nxc1 e5 33. fxe5+ fxe5 34. Nb3 e4 35. Nc5 Na3 36. Kd2 Nb5 37. Ke3 Nc7 38. Nb3 Ne6 39. h4 g6 40. a4 h5 41. Na5 a6 42. Nb3 Ke7 43. Na5 Ng7 44. Kf4 Nf5 45. Nc6+ Kd6 46. Nb4 a5 47. Nc2 Ke6 48. Kg5 Kf7 49. g4 hxg4 50. Kxg4 Kf6 51. h5 gxh5+ 52. Kxh5 Ng3+ 53. Kg4 Ne2 54. Ne3 Nc3 55. Kf4 Ke6 56. Nf5 Nxa4 57. Ng7+ Kd7 58. Nf5 Nb6 0-1

[Event "Monarch Assurance 15th"]
[Site "Port Erin"]
[Date "2006.09.23"]
[Round "1"]
[White "Haslinger, Stewart"]
[Black "Werner, Gert"]
[Result "1-0"]
[WhiteElo "2423"]
[BlackElo "2069"]
[PlyCount "77"]
[EventDate "2006.09.23"]
[EventType "swiss"]
[EventRounds "9"]
[EventCountry "IOM"]
[SourceTitle "CBM 114 Extra"]
[Source "ChessBase"]
[SourceDate "2006.11.03"]
[SourceVersion "1"]
[SourceVersionDate "2006.11.03"]
[SourceQuality "1"]

1. e4 g6 2. d4 Bg7 3. Nc3 c6 4. Nf3 d5 5. h3 Nf6 6. e5 Ne4 7. Nxe4 dxe4 8. Ng5 0-0 9. Nxe4 Bf5 10. Ng3 Be6 11. Be3 c5 12. f4 cxd4 13. Qxd4 Nc6 14. Qxd8 Rfxd8 15. c3 f6 16. exf6 Bxf6 17. h4 Na5 18. h5 Nc4 19. Bxc4 Bxc4 20. hxg6 hxg6 21. Kf2 Rf8 22. Rh6 Kg7 23. Rah1 Bd3 24. Rh7+ Kg8 25. Bd4 e5 26. fxe5 Bxe5+ 27. Ke3 Bxd4+ 28. cxd4 Ba6 29. Ne4 Rae8 30. d5 g5 31. d6 Bb5 32. Rh8+ Kg7 33. R1h7+ Kg6 34. Rxf8 Rxf8 35. Rxb7 a6 36. Re7 Rd8 37. Re5 Re8 38. Rxe8 Bxe8 39. Nc5 1-0

[Event "Monarch Assurance 14th"]
[Site "Port Erin"]
[Date "2005.10.02"]
[Round "9"]
[White "Wademark, Helge"]
[Black "Werner, Gert"]
[Result "0-1"]
[WhiteElo "2182"]
[BlackElo "2047"]
[PlyCount "46"]
[EventDate "2005.09.24"]
[EventType "swiss"]
[EventRounds "9"]
[EventCountry "IOM"]
[SourceTitle "CBM 108 Extra"]
[Source "ChessBase"]
[SourceDate "2005.11.04"]
[SourceVersion "1"]
[SourceVersionDate "2005.11.04"]
[SourceQuality "1"]

1. e4 g6 2. Nc3 Bg7 3. f4 c6 4. Nf3 d5 5. e5 h5 6. d4 Nh6 7. Be3 Bf5 8. Qd2 Nd7 9. h3 Nf8 10. 0-0-0 Qc7 11. Be2 0-0-0 12. Ng5 f6 13. Nf3 Be4 14. Bf2 Kb8 15. Na4 Ne6 16. Kb1 b5 17. Nc3 Bxf3 18. Bxf3 Qa5 19. Rhe1 fxe5 20. fxe5 Nf5 21. g4 hxg4 22. Bxg4 Bh6 23. Qe2 b4 0-1

[Event "Monarch Assurance 14th"]
[Site "Port Erin"]
[Date "2005.09.26"]
[Round "3"]
[White "Werner, Gert"]
[Black "Mannion, Stephen R"]
[Result "0-1"]
[WhiteElo "2047"]
[BlackElo "2331"]
[PlyCount "54"]
[EventDate "2005.09.24"]
[EventType "swiss"]
[EventRounds "9"]
[EventCountry "IOM"]
[SourceTitle "CBM 108 Extra"]
[Source "ChessBase"]
[SourceDate "2005.11.04"]
[SourceVersion "1"]
[SourceVersionDate "2005.11.04"]
[SourceQuality "1"]

1. g3 d5 2. Bg2 Nf6 3. Nf3 Bf5 4. b3 e6 5. Bb2 Be7 6. 0-0 0-0 7. d3 h6 8. Nbd2 Bh7 9. Qe1 c5 10. e4 Nc6 11. Qe2 Re8 12. a3 b5 13. Ne5 Nxe5 14. Bxe5 Rc8 15. f4 c4 16. bxc4 bxc4 17. Ra2 cxd3 18. cxd3 Qb6+ 19. Kh1 Qa6 20. Nb3 Red8 21. f5 dxe4 22. Bxe4 exf5 23. Bg2 Qxd3 24. Qxd3 Rxd3 25. Nd4 Ng4 26. Nxf5 Bxf5 27. Rxf5 Rd1+ 0-1

[Event "Politiken Cup 27th"]
[Site "Copenhagen"]
[Date "2005.07.20"]
[Round "6"]
[White "Andersen, Ib Hother"]
[Black "Werner, Gert"]
[Result "1-0"]
[WhiteElo "2160"]
[BlackElo "2047"]
[PlyCount "87"]
[EventDate "2005.07.16"]
[EventType "swiss"]
[EventRounds "10"]
[EventCountry "DEN"]
[SourceTitle "CBM 107 Extra"]
[Source "ChessBase"]
[SourceDate "2005.09.01"]
[SourceVersion "1"]
[SourceVersionDate "2005.09.01"]
[SourceQuality "1"]

1. e4 g6 2. d4 Bg7 3. Nc3 c6 4. f4 d5 5. e5 h5 6. Nf3 Nh6 7. Be3 Bf5 8. Be2 Nd7 9. Qd2 Nf8 10. h3 Qd7 11. a4 a5 12. Nd1 Be4 13. Nf2 Bxf3 14. Bxf3 Nf5 15. Nd3 Ne6 16. Bf2 Nfxd4 17. Bd1 b6 18. c3 Nf5 19. Bxb6 Ng3 20. Rg1 h4 21. b4 axb4 22. cxb4 f6 23. a5 fxe5 24. fxe5 Bh6 25. Qc2 Kf7 26. Bg4 Ne4 27. Rf1+ Kg7 28. Nf4 Bxf4 29. Rxf4 Raf8 30. Rxf8 Rxf8 31. 0-0-0 Ng3 32. Qd2 Nf5 33. Rf1 d4 34. Bxf5 Rxf5 35. Rxf5 gxf5 36. a6 Qd5 37. a7 c5 38. bxc5 Nxc5 39. Qg5+ Kf7 40. Qxf5+ Kg7 41. Qg5+ Kf8 42. Qf5+ Kg7 43. Qg4+ Kf8 44. Qf3+ 1-0

[Event "Politiken Cup 27th"]
[Site "Copenhagen"]
[Date "2005.07.17"]
[Round "2"]
[White "Lonborg, Morten"]
[Black "Werner, Gert"]
[Result "0-1"]
[WhiteElo "2188"]
[BlackElo "2047"]
[PlyCount "106"]
[EventDate "2005.07.16"]
[EventType "swiss"]
[EventRounds "10"]
[EventCountry "DEN"]
[SourceTitle "CBM 107 Extra"]
[Source "ChessBase"]
[SourceDate "2005.09.01"]
[SourceVersion "1"]
[SourceVersionDate "2005.09.01"]
[SourceQuality "1"]

1. e4 g6 2. d4 Bg7 3. f4 d5 4. e5 h5 5. Nf3 Nh6 6. Be2 Bf5 7. Nbd2 Nd7 8. Nf1 Nf8 9. Ng5 f6 10. Nf3 Qd7 11. Ne3 0-0-0 12. 0-0 Ne6 13. Nxf5 Nxf5 14. a4 c5 15. dxc5 Nxc5 16. exf6 exf6 17. Nd4 Kb8 18. a5 Nxd4 19. Qxd4 Ne6 20. Qb4 f5 21. a6 b6 22. Be3 Qd6 23. Qb3 Bd4 24. Bxd4 Nxd4 25. Qd3 Nxe2+ 26. Qxe2 Rhe8 27. Qd2 Qc5+ 28. Kh1 Re4 29. Ra3 d4 30. Rg3 Qb5 31. Qd3 Qxd3 32. Rxd3 Re2 33. Rc1 Rc8 34. Kg1 Rcxc2 35. Rxc2 Rxc2 36. Rxd4 Kc7 37. b4 Kc6 38. h3 Kb5 39. Kh2 Rc4 40. Rd7 Kxa6 41. b5+ Kxb5 42. Rxa7 Rxf4 43. Rg7 Kc4 44. Rxg6 b5 45. Kg3 Rd4 46. Rg5 h4+ 47. Kf3 b4 48. Rxf5 b3 49. Ke3 b2 50. Rf1 Kc3 51. Kf3 Kc2 52. g3 Rd3+ 53. Kg4 hxg3 0-1

[Event "DEN-ch M7 Gr3"]
[Site "Koge"]
[Date "2005.03.23"]
[Round "2"]
[White "Ronsted, Torben"]
[Black "Werner, Gert"]
[Result "1/2-1/2"]
[WhiteElo "1977"]
[BlackElo "1971"]
[PlyCount "92"]
[EventDate "2005.03.22"]
[EventType "tourn"]
[EventRounds "7"]
[EventCountry "DEN"]
[SourceTitle "EXT 2023"]
[Source "ChessBase"]
[SourceDate "2022.10.05"]
[SourceVersion "1"]
[SourceVersionDate "2022.10.05"]
[SourceQuality "1"]

1. d4 Nf6 2. c4 g6 3. Nc3 Bg7 4. e4 d6 5. Be2 0-0 6. Bg5 h6 7. Be3 c5 8. dxc5 Qa5 9. cxd6 Nxe4 10. dxe7 Re8 11. Bd4 Nxc3 12. bxc3 Bxd4 13. Qxd4 Nc6 14. Qd2 Bf5 15. Nf3 Rxe7 16. 0-0 Rd8 17. Qb2 Bd3 18. Bxd3 Rxd3 19. Rac1 Qh5 20. Qb5 Qg4 21. Rfe1 Rxe1+ 22. Nxe1 Rd2 23. Nf3 Rxa2 24. Qxb7 Qxc4 25. Qc8+ Kg7 26. Nd4 Qxc3 27. Ne6+ fxe6 28. Qc7+ Kg8 29. Qc8+ Kh7 30. Qc7+ Qg7 31. Qxc6 Ra1 32. g3 Rxc1+ 33. Qxc1 a5 34. Qe1 a4 35. Qxe6 a3 36. Qa6 Qe7 37. h4 h5 38. Qa8 Kg7 39. Kg2 Qd6 40. Qa7+ Kf6 41. Qa5 Ke6 42. Kh2 Kd7 43. Qa7+ Kc6 44. Qa6+ Kd5 45. Qd3+ Kc6 46. Qa6+ Kc7 1/2-1/2

[Event "DEN-ch M7 Gr3"]
[Site "Koge"]
[Date "2005.03.22"]
[Round "1"]
[White "Werner, Gert"]
[Black "Rhee, Alexander Kasper"]
[Result "1-0"]
[WhiteElo "1971"]
[BlackElo "1915"]
[PlyCount "129"]
[EventDate "2005.03.22"]
[EventType "tourn"]
[EventRounds "7"]
[EventCountry "DEN"]
[SourceTitle "EXT 2023"]
[Source "ChessBase"]
[SourceDate "2022.10.05"]
[SourceVersion "1"]
[SourceVersionDate "2022.10.05"]
[SourceQuality "1"]

1. Nf3 e6 2. g3 f5 3. Bg2 Nf6 4. c4 c5 5. 0-0 Nc6 6. d4 cxd4 7. Nxd4 a6 8. Nc3 Bc5 9. Nxc6 bxc6 10. e4 0-0 11. exf5 exf5 12. Bf4 Kh8 13. Bd6 Bxd6 14. Qxd6 a5 15. Rad1 Ba6 16. b3 Qb8 17. Na4 Qb4 18. Qxb4 axb4 19. Nb6 Ra7 20. Rfe1 Bc8 21. Rd2 d5 22. cxd5 cxd5 23. Red1 Rd8 24. Nxc8 Rxc8 25. Bxd5 g6 26. Bf3 Ne4 27. Bxe4 fxe4 28. Rd8+ Rxd8 29. Rxd8+ Kg7 30. Re8 Rxa2 31. Rxe4 Rb2 32. Rxb4 Kf6 33. h4 h5 34. Kg2 Kf5 35. Kf3 Ke5 36. Rb6 Kf5 37. Ke3 Rb1 38. Rb5+ Kf6 39. Kf4 Rb2 40. f3 Rb1 41. Rb6+ Kf7 42. g4 hxg4 43. fxg4 Rd1 44. Kg5 Rd5+ 45. Kh6 Rd4 46. Rxg6 Rb4 47. h5 Rxb3 48. Ra6 Rb8 49. Ra7+ Kg8 50. g5 Kh8 51. g6 Kg8 52. Rf7 Rb5 53. Rg7+ Kh8 54. Ra7 Rb8 55. Ra5 Rc8 56. Kg5 Rb8 57. h6 Rg8 58. Re5 Rd8 59. Re6 Rd5+ 60. Kf6 Rd8 61. Ke7 Rc8 62. Kd7 Ra8 63. Re8+ Rxe8 64. Kxe8 Kg8 65. g7 1-0

[Event "Monarch Assurance 13th"]
[Site "Port Erin"]
[Date "2004.09.26"]
[Round "2"]
[White "Pert, Richard G"]
[Black "Werner, Gert"]
[Result "1-0"]
[WhiteElo "2407"]
[BlackElo "2085"]
[PlyCount "45"]
[EventDate "2004.09.25"]
[EventType "swiss"]
[EventRounds "9"]
[EventCountry "IOM"]
[SourceTitle "CBM 102 Extra"]
[Source "ChessBase"]
[SourceDate "2004.11.03"]
[SourceVersion "1"]
[SourceVersionDate "2004.11.03"]
[SourceQuality "1"]

1. e4 g6 2. Nf3 Bg7 3. d4 c6 4. Nc3 d5 5. Bf4 dxe4 6. Nxe4 Bf5 7. Ng3 Bg4 8. Bc4 Nf6 9. Bxf7+ Kxf7 10. Ne5+ Ke8 11. Nxg4 Nxg4 12. Qxg4 Qxd4 13. 0-0 Nd7 14. Rad1 Nf6 15. Qf3 Qb6 16. Rfe1 Kf7 17. Ne4 Rhe8 18. Ng5+ Kg8 19. Qh3 c5 20. Be5 h6 21. Ne6 Rac8 22. Bxf6 exf6 23. Nxg7 1-0

[Event "Politiken Cup 26th"]
[Site "Copenhagen"]
[Date "2004.07.30"]
[Round "8"]
[White "Frank Nielsen, Marie"]
[Black "Werner, Gert"]
[Result "1/2-1/2"]
[WhiteElo "1895"]
[BlackElo "2085"]
[PlyCount "39"]
[EventDate "2004.07.24"]
[EventType "swiss"]
[EventRounds "10"]
[EventCountry "DEN"]
[SourceTitle "CBM 101 Extra"]
[Source "ChessBase"]
[SourceDate "2004.09.01"]
[SourceVersion "2"]
[SourceVersionDate "2004.09.01"]
[SourceQuality "1"]

1. e4 g6 2. h4 h5 3. d4 Bg7 4. Nc3 c6 5. Be3 d5 6. f3 dxe4 7. fxe4 Nh6 8. Be2 Ng4 9. Bxg4 Bxg4 10. Nf3 Nd7 11. Qd2 Qa5 12. 0-0-0 0-0-0 13. Kb1 Kb8 14. Qf2 Nb6 15. Ne2 Nc4 16. Bf4+ e5 17. dxe5 Ka8 18. Nc1 Bxf3 19. gxf3 Bxe5 20. Nb3 1/2-1/2